Differences in AI Readiness Across EU Countries: Empirical Segmentation and Recommendations
Táto štúdia analyzuje úroveň rozvoja umelej inteligencie (AI) v členských štátoch Európskej únie prostredníctvom kvantitatívnej klasifikácie založenej na údajoch Eurostatu. Cieľom je identifikovať rozdiely v zavádzaní a rozvoji AI medzi jednotlivými krajinami, berúc do úvahy ekonomické a výskumné ka...
Salvato in:
| Autore principale: | |
|---|---|
| Natura: | Capitolo di libro |
| Lingua: | inglese |
| Soggetti: | |
| Tags: |
Nessun Tag, puoi essere il primo ad aggiungerne!!
|
MARC
| LEADER | 00000naa$a2200000$$$4500 | ||
|---|---|---|---|
| 001 | 0311436 | ||
| 005 | 20250708112138.3 | ||
| 041 | 0 | |a eng | |
| 044 | |a SK | ||
| 245 | 1 | 0 | |a Differences in AI Readiness Across EU Countries: Empirical Segmentation and Recommendations |c Dana Hrušovská |
| 520 | |a Táto štúdia analyzuje úroveň rozvoja umelej inteligencie (AI) v členských štátoch Európskej únie prostredníctvom kvantitatívnej klasifikácie založenej na údajoch Eurostatu. Cieľom je identifikovať rozdiely v zavádzaní a rozvoji AI medzi jednotlivými krajinami, berúc do úvahy ekonomické a výskumné kapacity. Analytický rámec využíva premenné ako HDP na obyvateľa, podiel výskumníkov, interný vývoj AI, využívanie technológií AI a ich účelné nasadenie v podnikoch rôznych veľkostí. | ||
| 610 | 2 | 0 | |a inteligencia umelá |
| 610 | 2 | 0 | |a krajiny vyspelé |
| 610 | 2 | 0 | |a technológia |
| 610 | 2 | 0 | |a Európska únia |
| 610 | 2 | 0 | |a produkt domáci hrubý |
| 100 | 1 | |a Hrušovská, Dana, 1964- | |